Historia Natural y Moral de Las Indias
Zapisane w:
| 1. autor: | |
|---|---|
| Format: | Książka |
| Język: | hiszpański |
| Wydane: |
Madrid
Consejo Superior de Investigaciones Científicas
2008
|
| Seria: | De acá y de allá. Fuentes Etnográficas, 2
|
| Hasła przedmiotowe: | |
| Etykiety: |
Dodaj etykietę
Nie ma etykietki, Dołącz pierwszą etykiete!
|
MARC
| LEADER | 00000nam a2200000 a 4500 | ||
|---|---|---|---|
| 001 | UCH3208 | ||
| 003 | CL-VaPUC | ||
| 008 | 090715e20080000SP |||||||||||||||||spa|d | ||
| 020 | |a 9788400086770 | ||
| 082 | 0 | 4 | |a 980 |b ACO |2 21 |
| 100 | 0 | |a Acosta, José de |e author |9 321868 | |
| 245 | 1 | 0 | |a Historia Natural y Moral de Las Indias |
| 300 | |a 330 p | ||
| 942 | |c BK | ||
| 945 | |d 20090715 00:00:00 |a dcastane | ||
| 260 | |a Madrid |b Consejo Superior de Investigaciones Científicas |c 2008 | ||
| 500 | |a Edición crítica de Fermín del Pino-Díaz | ||
| 650 | 0 | |a Historia de América |9 266076 | |
| 650 | 0 | |a Conquista española |9 267777 | |
| 650 | 7 | |a DESCUBRIMIENTOS ABORIGENES AMERICANOS |2 CL-VaPUC |9 538463 | |
| 650 | 0 | |a Cultura |9 269059 | |
| 650 | 0 | |a Etnología |9 258726 | |
| 650 | 0 | |a Cosmología |9 269138 | |
| 650 | 0 | |a Clima |9 265281 | |
| 650 | 0 | |a Religión |9 255164 | |
| 650 | 0 | |a Ciencia |9 255691 | |
| 650 | 0 | |a Educación |9 258661 | |
| 650 | 7 | |a ORGANIZACION POLITICA |2 CL-VaPUC |9 257437 | |
| 651 | 0 | |a América Latina |9 255027 | |
| 583 | |a last modification |c 20190624 09:21:32 |k Rodrigo Vera | ||
| 490 | 0 | |a De acá y de allá. Fuentes Etnográficas, 2 | |
| 999 | |c 334832 |d 334830 | ||
| 952 | |0 0 |1 0 |4 0 |6 980_000000000000000_ACO_2008 |7 0 |8 A |9 424065 |a BIBHIS |b BIBHIS |d 2019-11-22 |i 4571762 |o 980 ACO 2008 |p 4571762 |r 2025-01-20 |w 2019-11-22 |y BK |k HIS | ||
| 952 | |0 0 |1 0 |4 0 |6 980_000000000000000_ACO_2008 |7 0 |8 X |9 424066 |a FDOBUD |b FDOBUD |d 2019-11-22 |i 4598342 |o 980 ACO 2008 |p 4598342 |r 2019-11-22 |w 2019-11-22 |y BK_X |k BUD | ||